=LDR 00000nam 2200000 4500 =001 INLIS000000000011617 =005 20130612103151 =008 ***********************************Ind** =035 ##$$0010-061300000011617 =041 ##$$a Ind =082 ##$$a 362.1 =090 ##$$a 362.1, Azuw m =100 ##$$a Azwar, Azrul =245 ##$$a Menjaga mutu pelayanan kesehatan, Dr.H.Azrul, MPH =260 ##$$a 1996 $b Jakarta =300 ##$$a XII 194 hlm, 21 cm =650 ##$$a Pelayanan Kesehatan =850 ##$$a NBPNMAT